| 000 | 00000nam##2200000za#4500 |
| 001 | 9.647771 |
| 003 | CaOODSP |
| 005 | 20200330093737 |
| 007 | ta |
| 008 | 150407|2000||||xxc||||| f|0| 0 eng|d |
| 020 | |a0-662-29036-4 |
| 040 | |aCaOODSP|beng |
| 043 | |an-cn--- |
| 086 | 1 |aH46-2/00-177E |
| 110 | 1 |aCanada.|bHealth Canada. |bEnvironmental Health Directorate. |
| 245 | 10|aRadiation protection in dentistry : |brecommended safety procedures for the use of dental X-ray equipment: Safety Code 30 |
| 250 | |aRevised. |
| 260 | |aOttawa - Ontario : |bHealth Canada. |c2000. |
| 300 | |a81p. : |btables ; |c22 cm. |
| 500 | |a"This Code supersedes Safety Code 22, entitled "Radiation protection in dental practice", and is intended to complement the regulations pertaining to X-ray equipment design, construction and performance standards promulgated under the Radiation Emitting Devices Act."--Explanatory notes. |
| 504 | |aBibliography. |
| 520 | 3 |aThis Code supersedes Safety Code 22, entitled Radiation protection in dental practice, and is intended to complement the regulations pertaining to X-ray equipment design, construction and performance standards promulgated under the Radiation Emitting Devices Act.--Explanatory notes |
| 563 | |aSoftcover |
| 590 | |a00-29|b2000-07-21 |
| 690 | 07|aOral health|2gcpds |
| 690 | 07|aSafety standards|2gcpds |
| 775 | 08|tRadioprotection dans l'exercice de la dentisterie : |w(CaOODSP)9.681151 |
| 776 | 0#|tRadiation protection in dentistry : |w(CaOODSP)9.686857 |
| 986 | |a99-EHD-177 |